| 000 | 00395nam a2200169 i 4500 | ||
|---|---|---|---|
| 001 | bg | ||
| 100 | 1 | _aBERTOLOTTI, Mario | |
| 245 | 0 |
_aMasery i lasery : _bujęcie historyczne / _cM. Bertolotti. |
|
| 260 |
_aWarszawa, _c1987. |
||
| 650 | 9 | _aMasery | |
| 650 | 9 | _aLasery | |
| 040 | _cBPK | ||
| 041 | _apol | ||
| 080 | _a621.375.82 | ||
| 942 | _cKS | ||
| 008 | s pl f |000 0 pol | ||
| 999 |
_c23864 _d23864 |
||
| 856 |
_uhttp://koha.tu.koszalin.pl/cgi-bin/koha/opac-detail.pl?biblionumber=23864 _yKatalog online BPK |
||